Taman Negeri Endau Romping : Pengurusan, persekitaran fizikal dan biologi

Bibliographic Details
Corporate Author: Pahang
Other Authors: Shaharuddin Mohamad Ismail
Format: Book
Published: Kuala Lumpur : Jabatan Perhutanan Semenanjung Malaysia , 2004
Series:Siri 1 : Siri kepelbagaian biologi hutan
Subjects:

MARC

LEADER 00000cam a2200000 7i4500
001 0000003215
005 20070810.0
020 0 0 |a 9834162308 
090 0 0 |a 333.7809595111   |b TAM 
245 0 0 |a Taman Negeri Endau Romping :   |b Pengurusan, persekitaran fizikal dan biologi   |c Shaharuddin Mohamad Ismail... [et al.] 
260 0 0 |a Kuala Lumpur :   |b Jabatan Perhutanan Semenanjung Malaysia ,   |c 2004 
300 |a 378 ms. :   |b il., peta ;   |c 26cm. 
440 0 0 |a Siri 1 : Siri kepelbagaian biologi hutan 
650 0 0 |a Environmental management   |z Pahang 
650 0 0 |a National parks and reserves   |z Pahang 
700 1 1 |a Shaharuddin Mohamad Ismail 
710 1 1 |a Pahang ,   |c Jabatan Perhutanan Semenanjung Malaysia 
999 |a 0000005899   |b Monograph   |c Open Shelf   |e Default branch 
999 |a 0000005900   |b Monograph   |c Open Shelf   |e Default branch 
999 |a 0000005901   |b Monograph   |c Open Shelf   |e Default branch 
999 |a 0000005902   |b Monograph   |c Open Shelf   |e Default branch 
999 |a 0000005903   |b Monograph   |c Open Shelf   |e Default branch